| 000 -LEADER |
| fixed length control field |
00708nam a2200229 a 4500 |
| 001 - CONTROL NUMBER |
| control field |
15401 |
| 003 - CONTROL NUMBER IDENTIFIER |
| control field |
BD-DhUAP |
| 005 - DATE AND TIME OF LATEST TRANSACTION |
| control field |
20220622113822.0 |
| 008 - FIXED-LENGTH DATA ELEMENTS--GENERAL INFORMATION |
| fixed length control field |
200312s20071960nyu 00| 0deng d |
| 020 ## - INTERNATIONAL STANDARD BOOK NUMBER |
| International Standard Book Number |
9788184000092 |
| 040 ## - CATALOGING SOURCE |
| Original cataloging agency |
DLC |
| Transcribing agency |
DLC |
| Modifying agency |
BD-DhUAP |
| Language of cataloging |
Eng |
| 082 ## - DEWEY DECIMAL CLASSIFICATION NUMBER |
| Edition number |
23 |
| Classification number |
820.9 DAI |
| 100 1# - MAIN ENTRY--PERSONAL NAME |
| Personal name |
Daiches, David. |
| 245 02 - TITLE STATEMENT |
| Title |
A critical history of English literature / |
| Statement of responsibility, etc. |
David Daiches. |
| 250 ## - EDITION STATEMENT |
| Edition statement |
Re. ed. |
| 260 ## - PUBLICATION, DISTRIBUTION, ETC. |
| Place of publication, distribution, etc. |
New Delhi, |
| Name of publisher, distributor, etc. |
Supernova Publishers, |
| Date of publication, distribution, etc. |
c1960 [Reprinted 2019]. |
| 300 ## - PHYSICAL DESCRIPTION |
| Extent |
volumes ; |
| Dimensions |
23 cm. |
| 505 ## - FORMATTED CONTENTS NOTE |
| Formatted contents note |
V. 2- The Restoration to the present day. |
| 650 #0 - SUBJECT ADDED ENTRY--TOPICAL TERM |
| Topical term or geographic name entry element |
English literature |
| General subdivision |
History and criticism. |
| 942 ## - ADDED ENTRY ELEMENTS (KOHA) |
| Source of classification or shelving scheme |
|
| Koha item type |
Book |